000 00306nam a2200133Ia 4500
100 _aGrant E.L.
942 _cBK
654 _amanagement
245 _aHd.bk . Of Industrial Engg. & Management
260 _bPrentice Hall of India
_aNewDelhi
_c1974
082 _a658
300 _a907
546 _aENGLISH
999 _c27924
_d27924